000 00266nam a22001337a 4500
003 SGT
082 _a617.3
_bE17P
100 _aPOOJA
245 _aEFFECT OF RESISTANCE BAND
260 _aSGTU
_c2017
300 _a70
650 _aPHYSIOTHERAPY
942 _2ddc
_cTH
999 _c20671
_d20671